00478nam a2200181Ia 450000500170000000800410001702000140005804000190007204100120009108200160010310000190011924500580013826000450019630000110024150400190025265000140027185000110028520240301114916.0131103s9999 xx 000 0 und d a710068115 aLoreto College aEnglish a371.2 bBIR aBirley, Derek  4aThe Education Officer and His World, cDerek Birley aLondonbRoutledge And Kegan Paulcc 1970 a210p.  aIncludes index aEducation aLCLIB